| 000 | 00691nam a2200181Ia 4500 | ||
|---|---|---|---|
| 008 | 090630s9999 xx 000 0 und d | ||
| 082 | _b1471 | ||
| 100 | _aगोपाळ अमरेंद्र. | ||
| 245 |
_aराष्ट्रसेवेकांची शिदोरी. _cगोपाळ अमरेंद्र. |
||
| 260 | _b--- | ||
| 300 | _a100 | ||
| 600 | _aगोपाळ अमरेंद्र. | ||
| 630 | _aराष्ट्रसेवेकांची शिदोरी. | ||
| 655 | _aइतर. | ||
| 700 | _aगोपाळ अमरेंद्र. | ||
| 730 | _aराष्ट्रसेवेकांची शिदोरी. | ||
| 942 | _cBOOK | ||
| 999 |
_c253327 _d253327 |
||